LEADER 01461nam 2200445 450 001 9910480665603321 010 $a80-210-8214-3 035 $a(CKB)3710000000727305 035 $a(MiAaPQ)EBC4887153 035 $a(EXLCZ)993710000000727305 100 $a20170724h20112011 uy 0 101 0 $acze 135 $aurcnu|||||||| 181 $2rdacontent 182 $2rdamedia 183 $2rdacarrier 200 10$aChre?stomatie starorecky?ch na?recni?ch na?pisu /$fAntoni?n Bartonek 210 1$aBrno, [Czech Republic] :$cMasarykova univerzita,$d2011. 210 4$dİ2011 215 $a1 online resource (257 pages) $cillustrations 225 1 $aSpisy Masarykovy univerzity v Brne, Filozoficka? fakulta,$x1211-3034 311 $a80-210-5678-9 320 $aIncludes bibliographical references. 410 0$aSpisy Masarykovy univerzity v Brne?, Filozoficka? fakulta. 606 $aGreek language$xDialects 606 $aInscriptions, Greek 606 $aGreek language$xGrammar, Historical 608 $aElectronic books. 615 0$aGreek language$xDialects. 615 0$aInscriptions, Greek. 615 0$aGreek language$xGrammar, Historical. 676 $a487.1 700 $aBartonek$b Antoni?n$0391864 801 0$bMiAaPQ 801 1$bMiAaPQ 801 2$bMiAaPQ 906 $aBOOK 912 $a9910480665603321 996 $aChre?stomatie starorecky?ch na?recni?ch na?pisu$91938708 997 $aUNINA LEADER 01938nam 22005894a 450 001 9910455577603321 005 20200520144314.0 010 $a1-280-08637-8 010 $a9786610086375 010 $a0-585-45844-8 035 $a(CKB)111087027993832 035 $a(OCoLC)70730636 035 $a(CaPaEBR)ebrary10015752 035 $a(SSID)ssj0000087590 035 $a(PQKBManifestationID)11112918 035 $a(PQKBTitleCode)TC0000087590 035 $a(PQKBWorkID)10053230 035 $a(PQKB)10595213 035 $a(MiAaPQ)EBC3050503 035 $a(Au-PeEL)EBL3050503 035 $a(CaPaEBR)ebr10015752 035 $a(CaONFJC)MIL8637 035 $a(OCoLC)270173094 035 $a(EXLCZ)99111087027993832 100 $a20010531d2001 uf 0 101 0 $aeng 135 $aurcn||||||||| 181 $ctxt 182 $cc 183 $acr 200 10$aInformation infrastructure$b[electronic resource] $ethe World Bank Group's experience : a joint Operations Evaluation Department, Operations Evaluation Group review /$fAlain Barbu, Rafael Dominguez, William Melody 210 $aWashington, D.C. $cInternatonal Finance Corp. $cWorld Bank$d2001 215 $a1 online resource (86 p.) 300 $aBibliographic Level Mode of Issuance: Monograph 311 $a0-8213-4969-4 320 $aBibliographic references (p. 53-54). 606 $aInformation technology$zDeveloping countries 606 $aTelecommunication$zDeveloping countries 608 $aElectronic books. 615 0$aInformation technology 615 0$aTelecommunication 676 $a384/.09172/4 700 $aBarbu$b Alain$f1949-$01049046 701 $aDominguez$b Rafael$01049047 701 $aMelody$b William H$01049048 801 0$bMiAaPQ 801 1$bMiAaPQ 801 2$bMiAaPQ 906 $aBOOK 912 $a9910455577603321 996 $aInformation infrastructure$92477737 997 $aUNINA